| 000 | 00998nam a2200253 u 4500 | ||
|---|---|---|---|
| 001 | 000025041 | ||
| 005 | 20200930023527.0 | ||
| 008 | 110209s1988 ag r 000 0 spa d | ||
| 020 | _a9500236079 | ||
| 040 |
_aDO-SdBNP _bspa _cBNPHU |
||
| 041 | 1 | 7 |
_aspa _heng _2Código de idiomas MARC |
| 082 |
_ann* _bnn* |
||
| 100 | 1 |
_aEdelman Spero, Joan. _951374 |
|
| 240 | 1 | 4 |
_aThe politics of international economic relations. _lEspañol |
| 245 | 1 | 0 |
_aPolítica económica internacional / _cJoan Edelman Spero ; traducción de José Clementi. |
| 260 |
_aBuenos Aires : _bEl Ateneo, _c1988. |
||
| 300 |
_a361 p. ; _c22 cm. |
||
| 490 | 1 |
_aBiblioteca de Ciencias Económicas. Economía _v1100 |
|
| 534 |
_aTítulo de la obra original : _tThe politics of international economic relations |
||
| 500 | _aIncluye referencias bibliográficas y notas al pie de las páginas. | ||
| 700 | 1 |
_aClementi, José, _etr. _941126 |
|
| 830 | 0 |
_aBiblioteca de Ciencias Económicas. _pEconomía, _v1100 _951375 |
|
| 049 | _aBNGR | ||
| 999 |
_c24534 _d24534 |
||